LEADER 00716nam0 2200229 450 001 000015154 005 20190107123233.0 100 $a20080804d1980----km-y0itay50------ba 101 0 $aita 102 $aIT 105 $ay-------001yy 200 1 $aProfili di pubblico impiego$eprincipi generali, dirigenza statale, contrattazione collettiva$fGiovanni Paleologo 210 $aMilano$cA. Giuffrè$d1980 215 $aVIII, 144 p.$d25 cm 610 1 $aImpiego pubblico 676 $a351.4$v19 700 1$aPaleologo,$bGiovanni$0231249 801 0$aIT$bUNIPARTHENOPE$c20080808$gRICA$2UNIMARC 912 $a000015154 951 $a351.4/100$b27400$cNAVA4 996 $aProfili di pubblico impiego$9197781 997 $aUNIPARTHENOPE